Foot-and-mouth inquiry in Scotland (Record no. 67938)

MARC details
000 -LEADER
fixed length control field 00877cam a2200229 4500
001 - CONTROL NUMBER
control field WB3731-52
008 - FIXED-LENGTH DATA ELEMENTS--GENERAL INFORMATION
fixed length control field 010807n2001 000 0 eng u
035 ## - SYSTEM CONTROL NUMBER
System control number (Sirsi) u113994
245 ## - TITLE STATEMENT
Title Foot-and-mouth inquiry in Scotland
260 ## - PUBLICATION, DISTRIBUTION, ETC.
Date of publication, distribution, etc. 2001
490 ## - SERIES STATEMENT
Series statement Scotsman
Volume/sequential designation 3 August 2001, 4
490 ## - SERIES STATEMENT
Series statement Scotsman
Volume/sequential designation 3 August 2001, 3(1)
520 ## - SUMMARY, ETC.
Summary, etc. Independent inquiry is launched into the foot and mouth disease outbreak in Scotland. The inquiry is being set up by the Royal Society of Edinburgh and will examine the social and economic consequences of the disease in addition to the impact of the disease on animal health.
590 ## - LOCAL NOTE (RLIN)
Local note WB
650 ## - SUBJECT ADDED ENTRY--TOPICAL TERM
Topical term or geographic name entry element FOOT-AND-MOUTH DISEASE
650 ## - SUBJECT ADDED ENTRY--TOPICAL TERM
Topical term or geographic name entry element SCOTLAND
650 ## - SUBJECT ADDED ENTRY--TOPICAL TERM
Topical term or geographic name entry element ROYAL SOCIETY OF EDINBURGH
650 ## - SUBJECT ADDED ENTRY--TOPICAL TERM
Topical term or geographic name entry element ECONOMIC CONSIDERATIONS
650 ## - SUBJECT ADDED ENTRY--TOPICAL TERM
Topical term or geographic name entry element RURAL ISSUES
690 ## - LOCAL SUBJECT ADDED ENTRY--TOPICAL TERM (OCLC, RLIN)
Topical term or geographic name as entry element RURAL-AGRICULTURE AND FORESTRY
942 ## - ADDED ENTRY ELEMENTS (KOHA)
Suppress in OPAC 0
Holdings
Withdrawn status Lost status Source of classification or shelving scheme Damaged status Not for loan Home library Current library Shelving location Date acquired Total Checkouts Full call number Barcode Date last seen Copy number Price effective from Koha item type
    Dewey Decimal Classification     London London News article 07/08/2001   WB3731-52 113994-1001 06/08/2019 1 06/08/2019 News article